青少年雜誌期刊

資料類型: Ser 期刊   書目號:55868

Leader xxxxxxxxxx
001 __ PCLIS00055868
005 __ 20230414133734.0
011 0_ |a1811-9247|b平裝
019 __ |a9771811924007|2EAN
022 __ |atw|b2009305554
100 __ |a20220509d20229999m  y0chiy09      e
101 0_ |achi
102 __ |atw
110 __ |aayaz   0yy0
200 1_ |a青少年雜誌期刊|f原住民族委員會
207 _0 |a第96期(2022年4月號)─
210 __ |a新北市新莊區|c原住民族委員會|d2022- [民111- ]
215 0_ |a|c|d26公分
300 __ |a2004年3月29日創刊
300 __ |aGPN: 2009305554
300 __ |a繼續: 臺灣原Young : Ho Hai Yan
301 __ |a9771811924007
314 __ |a作者號取自原民會
430 _0 |12001 |a臺灣原Young|eHo Hai Yan
510 1_ |aHo Hai Yan|zmap
517 1_ |a青少年雜誌期刊|zchi
517 1_ |aHoHaiYan|zmap
681 __ |a536.3305|b8365
710 02 |a原住民族委員會
801 _0 |atw|b內湖高中|c20220509|gCCR
856 42 |uhttps://www.facebook.com/hohaiyanyoung
詳細館藏(共 1 筆)
索 書 號登 錄 號冊次號館別 / 館藏地流通類型狀態加入預約清單電子資源
536.3305 / 8365 31146700  圖書館 / 一樓期刊區 期刊 在館   

| 條列資料




目錄查詢 分類查詢 個人資料 圖書薦購 新書查詢 閉館日 排行榜 更多電子資源 Hami書城 線上資料庫 登出

From : 216.73.217.14

  本日流通累計至 14:23:11 借閱 : 0 次 續借 : 0 次 歸還 : 0 次 預約 : 0 次 電子資源 : 0 次


內湖高中圖書館  PCLIS 版本  25.5.0.2